Từ điển mạng máy tính Anh- Anh - Việt Vi tính thông dụng
Kaydedildi:
| Yazar: | |
|---|---|
| Diğer Yazarlar: | , |
| Materyal Türü: | Kitap |
| Dil: | English Vietnamese |
| Baskı/Yayın Bilgisi: |
Hà Nội
Thanh niên
2002
|
| Konular: | |
| Etiketler: |
Etiketle
Etiket eklenmemiş, İlk siz ekleyin!
|
| Thư viện lưu trữ: | Trung tâm Học liệu Lê Vũ Hùng, Trường Đại học Đồng Tháp |
|---|
| LEADER | 00870pam a22002658a 4500 | ||
|---|---|---|---|
| 001 | 00041606 | ||
| 008 | 170505s1996 ||||||engsd | ||
| 005 | 20180615100628.0 | ||
| 020 | # | # | |c 80000 |
| 041 | 0 | # | |a vie |
| 082 | 0 | 4 | |a 004.03 |b T550Đ |
| 100 | 1 | # | |a Nguyễn Thành |
| 242 | 2 | 1 | |a Computer networking English- English- Vietnamese |
| 245 | 1 | 0 | |b Vi tính thông dụng |a Từ điển mạng máy tính Anh- Anh - Việt |c Nguyễn Thành; Quang Minh; Đức Duy |
| 260 | # | # | |b Thanh niên |c 2002 |a Hà Nội |
| 300 | # | # | |a 759 tr. |c 20 cm. |
| 653 | # | # | |a Tin học |
| 653 | # | # | |a Tiếng Anh |
| 653 | # | # | |a Tiếng Việt |
| 653 | # | # | |a mạng máy tính |
| 700 | 1 | # | |a Quang Minh |
| 700 | 1 | # | |a Đức Duy |
| 852 | # | # | |j KD.0023804 |
| 910 | |d 15/06/2018 | ||
| 980 | # | # | |a Trung tâm Học liệu Lê Vũ Hùng, Trường Đại học Đồng Tháp |